000 01071nam a2200253 c 4500
999 _c343160
_d343160
003 BLK
005 20200422161032.0
008 180911b bul|||||r ||||||| ||bul||
010 _a002821
040 _aBLK
041 _aBUL
_cBUL
080 _z949.72
100 1 _aШИШКОВ, Стою
_eпърви автор
_9397296
245 0 0 _aБеломорска Тракия в Освободителната война през 1877 - 1878 г.
260 _aПловдив
_c1929
_fСофия : Стоп. развитие
300 _a133, IV с
_c24 см
380 _a9
490 _aЧастна колекция - Академик Михаил Арнаудов
_gДарение - Основен фонд
500 _aАвтограф с текст: На многоуважаемия г. Професор М. Арнаудов с чувство на благодарност и почит, авторът Ст. Н. Шишков, 19/Х. 936, Пловдив
655 _aбългарска история
_9396199
700 1 _aСт. Н. Шишков
_9397297
852 _aМА 644
_bМА
942 _cKNG
_n0
_s1
944 _aCR
_c1995
_kValK
999 _d343160
999 _d343160